| 000 | 00739nam a2200229 u 4500 | ||
|---|---|---|---|
| 005 | 20240228063640.0 | ||
| 008 | 111031s2006 es r 000 0 spa d | ||
| 020 | _a849845011X (10 dígitos) | ||
| 020 | _a9788498450118 (13 dígitos) | ||
| 035 | _aUPN01000182372 | ||
| 049 | _aI | ||
| 050 | 4 |
_aPZ78 _bM8.8 |
|
| 100 | 1 |
_aMuñoz Puelles, Vicente, _d1948- _932146 |
|
| 245 | 1 | 0 |
_aNiños de todo el mundo / _cVicente Muñoz Puelles ; il. Maria Espluga. |
| 260 |
_aAlzira, Esp. : _bAlgar, _c2006. |
||
| 300 |
_a31 p. : _bil. col. |
||
| 440 | 0 |
_aCartera de valores ; _v3 |
|
| 650 | 4 |
_aLiteratura infantil española _95892 |
|
| 650 | 4 |
_aMULTICULTURALISMO - _zESPAÑA _913626 |
|
| 650 | 0 |
_aValores en la literatura _912441 |
|
| 905 | _aInfantil | ||
| 999 |
_c154475 _d154475 |
||